[Event "Teplice Open 2018"]
[Site "Teplice"]
[Date "2018.06.16"]
[Round "1"]
[White "Toure, Vasanth"]
[Black "Vorobiov, Evgeny E"]
[Result "0-1"]
[WhiteElo "2027"]
[BlackElo "2553"]
[Annotator "TA"]
[PlyCount "84"]
[EventDate "2018.06.16"]
[EventType "swiss"]
[EventCountry "CZE"]
[SourceTitle "playchess.com"]
[Source "ChessBase"]
[SourceQuality "1"]

{[%evp 10,84,31,34,47,0,26,-18,-5,2,27,27,35,36,37,35,38,35,47,17,20,23,20,0,37,39,76,74,92,58,58,65,60,11,16,-2,11,-28,-35,-88,-86,-95,-93,-122,-122,-150,-148,-168,-93,-254,-266,-211,-127,-127,-129,-154,-147,-298,-202,-1270,-1214,-1793,-1648,-1909,-1556,-12833,-5489,-12837,-12838,-12838,-12839,-12839,-12838,-12837,-12836,-29980,-12843]} 1. e4 c5 2. Nf3 {[%cal Bg1f3,Bf3d4,Bd4e2][%mdl 32]} Nc6 3. Bb5 e6 4. O-O Nge7 5. d4 cxd4 6. Nxd4 Ng6 {B30: Sicilian: 2...Nc6 3 Bb5, lines without ...g6} (6... Qb6 7. Nxc6 bxc6 8. Bd3 Ng6 9. c4 Be7 10. Nc3 O-O 11. Na4 Qc7 12. c5 d5 13. cxd6 Bxd6 14. g3 c5 {1-0 (27) Caruana,F (2811)-Lenic,L (2662) chess.com INT 2018}) 7. c4 Qc7 8. Bxc6 bxc6 {The position is equal.} 9. Nc3 a6 $146 ({Predecessor:} 9... Be7 10. Be3 O-O 11. b3 c5 12. Nde2 Bb7 13. Ng3 Qc6 {½-½ (27) Andreikin,D (2451)-Vila Gazquez,X (2219) Heraklio 2004}) 10. Be3 c5 11. Nde2 Be7 12. Ng3 O-O 13. f4 {[%cal Bf2f4,Bf4f5][%mdl 32]} f6 14. Nf5 Bb7 15. Nxe7+ Nxe7 16. f5 Rad8 17. Bf4 e5 18. Be3 d6 19. g4 Nc6 20. Nd5 Qf7 21. Qd3 Nd4 22. Nc3 Bc6 23. Rab1 Rb8 24. b4 ({Better is} 24. Rf2 $15) 24... Rxb4 $17 25. Rxb4 cxb4 26. Bxd4 exd4 27. Nd5 Bxd5 28. cxd5 {[%mdl 4096] Endgame KQR-KQR} Qb7 (28... Qc7 $19 {Hoping for ...Qc3.} 29. Qxd4 a5) 29. Rc1 $2 (29. Qxd4 $17 Rc8 30. Rf2) 29... Rc8 $19 30. Rc4 Rxc4 31. Qxc4 {KQ-KQ} a5 32. Qc6 {[%cal Rc6e8]} Qe7 33. Qc2 $2 {[#]} (33. Qa8+ $17 {was worth a try.} Kf7 34. Qxa5) 33... h5 $1 {[%mdl 512]} 34. h3 $2 (34. gxh5 a4 35. Kf2) 34... Qe5 35. Kg2 hxg4 36. hxg4 Qf4 37. Qc8+ Kh7 38. Qe8 Qxg4+ 39. Kf2 {[#]} a4 $1 40. Qxa4 Qf4+ 41. Ke1 Qxe4+ 42. Kd1 d3 {Precision: White = 19%, Black = 75%.} 0-1

[Event "Teplice Open 2018"]
[Site "Teplice"]
[Date "2018.06.16"]
[Round "1"]
[White "Chmelik, Jiri"]
[Black "Repka, Christopher"]
[Result "0-1"]
[WhiteElo "2015"]
[BlackElo "2534"]
[Annotator "TA"]
[PlyCount "56"]
[EventDate "2018.06.16"]
[EventType "swiss"]
[EventCountry "CZE"]
[SourceTitle "playchess.com"]
[Source "ChessBase"]
[SourceQuality "1"]

{[%evp 21,56,-31,-38,-35,-35,-34,-27,-37,15,13,24,22,15,15,19,11,30,11,18,0,49,0,0,-47,-58,-63,-57,-53,-66,-87,-17,-372,-367,-1053,-1056,-1083,-1075]} 1. d4 Nf6 2. c4 e6 3. Nc3 Bb4 4. e3 b6 5. Bd3 O-O 6. Nf3 d5 7. O-O c5 8. a3 Bxc3 9. bxc3 Ba6 10. Nd2 Nc6 11. Qe2 Na5 12. cxd5 {E58: Nimzoindisch (Moderne Variante)} Bxd3 13. Qxd3 exd5 (13... Qxd5 14. e4 Qd8 15. f4 Rc8 16. Rf3 Re8 17. Bb2 c4 18. Qc2 Nb3 19. Nxb3 cxb3 20. Qxb3 Nxe4 21. c4 Nd6 22. Rc1 {0-1 (22) Faraj,Y (2284)-Neverov,V (2568) Amman 2008}) 14. Bb2 $146 {Schwarz hat minimalen Vorteil.} ({Vorgänger:} 14. dxc5 bxc5 15. Rb1 Qc7 16. c4 Rfd8 17. Bb2 Ng4 18. g3 d4 19. exd4 cxd4 {0-1 (27) Scheffknecht,P (2114)-Schachinger,M (2401) Feldkirch 2013}) 14... Qd7 (14... c4 $15 15. Qc2 Re8) 15. dxc5 $11 bxc5 16. c4 dxc4 17. Qc3 Qb5 18. Ne4 Rfb8 {[%cal Bf8b8,Bb8b6,Bb6f6,Bf6g6][%mdl 32]} 19. Rab1 Rb6 20. Qe5 {[#] Schwarz muss nun Dg5 beachten.} Re8 21. Nxf6+ Rxf6 22. Qg5 Rg6 $36 {[%mdl 2048] Weiss steht unter Druck.} 23. Qf5 Qc6 {[%csl Gg6][%cal Rc6g2]} 24. g3 Nb7 25. Rfd1 h6 (25... Nd6 $17 26. Qd5 Qxd5 27. Rxd5 Rb8) 26. Rd7 $2 {[%mdl 8192]} (26. Rbc1 $1 $11) 26... Nd6 $19 27. Qh3 $2 (27. Rxd6 Qxd6 28. Rc1) 27... Rb8 28. Rxa7 {[#]} c3 $1 {[%mdl 512] Precision: Weiß = 32%, Schwarz = 59%.} 0-1

[Event "Teplice Open 2018"]
[Site "Teplice"]
[Date "2018.06.16"]
[Round "1"]
[White "Stock, Andreas"]
[Black "Movsziszian, Karen"]
[Result "0-1"]
[WhiteElo "2013"]
[BlackElo "2527"]
[Annotator "TA"]
[PlyCount "76"]
[EventDate "2018.06.16"]
[EventType "swiss"]
[EventCountry "CZE"]
[SourceTitle "playchess.com"]
[Source "ChessBase"]
[SourceQuality "1"]

{[%evp 17,76,60,54,26,27,-32,-19,-85,-71,-84,-59,-51,-51,-153,-146,-225,-218,-358,-360,-350,-193,-202,-206,-394,-397,-638,-503,-468,-437,-408,-359,-377,-371,-344,-304,-516,-515,-495,-507,-520,-514,-509,-507,-577,-579,-637,-624,-670,-589,-598,-592,-606,-591,-818,-807,-983,-992,-987,-976,-852,-776]} 1. c4 d6 2. Nc3 e5 3. Nf3 g6 4. d4 Nd7 5. e4 Bg7 6. Bg5 f6 7. Be3 Nh6 8. h3 {A42: Modern Defence: Averbakh Variation} O-O (8... Nf7 9. g4 Bh6 10. Bxh6 Nxh6 11. Qd2 Nf7 12. O-O-O c6 13. h4 h6 14. Rg1 g5 15. Ne2 Nf8 16. d5 c5 17. h5 {½-½ (17) Driessens,P (2288)-Martens,M (2399) Netherlands 2018}) 9. Qd2 Nf7 {LiveBook: 7 Games} 10. dxe5 {White is slightly better.} dxe5 11. g4 (11. O-O-O $11) 11... c6 $15 12. c5 $146 (12. Rg1 $11 {keeps the balance.}) ({Predecessor:} 12. h4 Qe7 13. h5 Rd8 14. hxg6 hxg6 {0-1 (33) Nasjleti,E-Biaggi,E (2265) Buenos Aires 1992}) 12... Qe7 $17 13. Na4 f5 14. gxf5 gxf5 15. Bg5 {[#]} (15. exf5 $15 Nf6 16. Qc2) 15... Nf6 $1 16. Bc4 (16. Bxf6 $17 Qxf6 17. Bc4) 16... fxe4 $19 17. Bxf6 (17. Rg1 $142 Kh8 18. Bxf7) 17... Bxf6 18. Nh2 Be6 (18... Bxh3 $2 19. Nf1 $19) (18... Bh4 $142 {Threatens to win with ...Kh8.} 19. Ng4 Kh8) 19. Bxe6 Qxe6 20. Rg1+ $2 {[#]} (20. Qe3) 20... Kh8 21. Ng4 $2 (21. O-O-O Ng5 22. Qd7) 21... Ng5 22. O-O-O Nf3 23. Qd6 Qxd6 24. cxd6 Nxg1 25. Rxg1 h5 26. Ne3 $2 (26. Nxf6 Rxf6 27. Rg5) 26... Bh4 {Black is clearly winning.} 27. Nd1 Rad8 28. Rg6 Kh7 29. Re6 Bxf2 30. Re7+ Kg6 31. Nxf2 Rxf2 {[%mdl 4096] Endgame KRR-KRN} 32. Nc3 Rxd6 33. Nxe4 Rf1+ 34. Kc2 Rd4 35. Nc3 Rf2+ 36. Kb3 Rdd2 37. Rxe5 Rxb2+ 38. Kc4 Rf4+ {Precision: White = 20%, Black = 64%.} 0-1

[Event "Teplice Open 2018"]
[Site "Teplice"]
[Date "2018.06.17"]
[Round "2"]
[White "Rodshtein, Maxim"]
[Black "Oglaza, Oskar"]
[Result "1-0"]
[WhiteElo "2688"]
[BlackElo "2322"]
[Annotator "TA"]
[PlyCount "69"]
[EventDate "2018.06.16"]
[EventType "swiss"]
[EventCountry "CZE"]
[SourceTitle "playchess.com"]
[Source "ChessBase"]
[SourceQuality "1"]

{[%evp 14,68,30,31,39,9,4,-6,35,41,120,125,117,128,187,199,177,147,152,162,162,158,279,281,446,277,277,266,472,263,263,257,289,292,306,300,286,233,486,484,581,593,1279,1215,1268,1250,5469,603,5324,5485,29994,729,29989,29990,29991,29992,29999]} 1. c4 Nf6 2. Nc3 d5 3. cxd5 Nxd5 4. g3 g6 5. Bg2 Nb6 6. d3 Bg7 7. Be3 O-O 8. Qd2 e5 {A16: English Opening: 1...Nf6 with ...d5} 9. Rc1 c6 $146 ({Predecessor:} 9... Re8 10. Bh6 Qe7 11. h4 Bh8 12. h5 c6 13. Nf3 N8d7 14. hxg6 hxg6 15. Bg5 f6 16. Be3 {½-½ (103) Rodshtein,M (2622)-Petrosian,T (2627) Bursa 2010}) 10. Bh6 f5 {The position is equal.} 11. Nf3 Qf6 {[#]} (11... Qe7 $14) 12. h4 $1 $16 {[%cal Bh2h4,Bh4h5][%mdl 32]} Re8 13. h5 e4 (13... N8d7 $16) 14. Bxg7 $18 Qxg7 15. dxe4 fxe4 16. Ng5 e3 17. fxe3 Qe5 (17... h6 $16) 18. Nce4 {And now Rc5 would win.} h6 (18... Nd5 {was necessary.} 19. hxg6 hxg6) 19. Qd6 Qxd6 20. Nxd6 Rf8 $2 (20... Re7 {is a better defense.} 21. Nxc8 (21. hxg6 hxg5 22. Rc5 Be6 $16) 21... Nxc8 22. Bd5+ Kh8) 21. Nxc8 (21. hxg6 $142 hxg5 22. Rc5) 21... Rxc8 22. Ne4 ({Stronger than} 22. hxg6 hxg5 23. Rh7 Re8 $11) 22... g5 23. Nd6 Rc7 24. Rf1 N8d7 {[#]} 25. Nxb7 $1 {[%mdl 512]} Rxb7 $2 (25... Re8) 26. Rxc6 Rab8 27. Rg6+ Kh7 28. Rf7+ Kh8 29. Bxb7 Rxb7 30. Rxh6+ Kg8 31. Rhh7 {Intending h6 and mate.} Rc7 32. Rfg7+ Kf8 33. h6 {[%cal Rh7h8] White mates.} Rc1+ 34. Kd2 {[%cal Rh7h8]} Rh1 35. Rh8# {Precision: White = 64%, Black = 32%.} 1-0

[Event "Teplice Open 2018"]
[Site "Teplice"]
[Date "2018.06.17"]
[Round "2"]
[White "Movsesian, Sergei"]
[Black "Maryasin, Boris"]
[Result "1-0"]
[WhiteElo "2633"]
[BlackElo "2302"]
[Annotator "TA"]
[PlyCount "83"]
[EventDate "2018.06.16"]
[EventType "swiss"]
[EventCountry "CZE"]
[SourceTitle "playchess.com"]
[Source "ChessBase"]
[SourceQuality "1"]

{[%evp 17,83,0,20,0,49,22,59,62,53,35,37,25,70,22,38,47,72,66,79,25,14,14,17,24,29,23,65,62,97,0,0,0,0,0,41,32,38,37,31,23,24,27,18,22,39,8,10,15,29,41,25,18,202,123,176,177,322,0,87,94,1500,1759,29980,6444,5210,5185,5306,221]} 1. e4 c5 2. Nf3 e6 3. d4 cxd4 4. Nxd4 a6 5. Nc3 Qc7 6. Bd3 Nf6 7. O-O b5 8. Qe2 Bb7 9. Kh1 {B43: Sicilian: Kan Variation: 5 Nc3} (9. Bd2 Bd6 10. Kh1 Nc6 11. Nxc6 dxc6 12. Rae1 e5 13. a4 h5 14. h3 h4 15. Ra1 Rb8 16. axb5 axb5 17. Nd1 Nh5 18. Ne3 g6 19. Ng4 Qe7 20. Qf3 Kf8 21. c4 Kg7 22. b4 bxc4 23. Bxc4 {½-½ (23) Kadric,D (2556)-Stukopin,A (2587) Kenner 2016}) 9... b4 {LiveBook: 3 Games} 10. Nb1 $146 ({Predecessor:} 10. Nd1 Nc6 11. Nxc6 Qxc6 12. f3 Bc5 13. Ne3 Qc7 14. Nc4 d5 15. exd5 Bxd5 16. Bg5 Be7 {½-½ (44) Jasny,S (2371)-Orsag,M (2359) Czech Republic 2015}) 10... h5 11. Nd2 {White is slightly better.} Ng4 {[%csl Gg4][%cal Rc7h2]} 12. f4 Nc6 13. Nxc6 Bxc6 14. Nb3 Qb6 15. a4 bxa3 16. bxa3 a5 17. a4 Bb4 18. h3 ({White should try} 18. Bb2 $1 $16) 18... Bc3 $11 19. Ra3 Rc8 20. Nd2 Bb4 21. Nc4 Qa7 22. Rb3 {And now Rxb4 would win.} Kf8 23. e5 (23. Bd2 $16) 23... Bxa4 24. Rxb4 axb4 25. Nd6 Rc6 26. f5 Rxd6 $1 27. exd6 {aiming for fxe6.} e5 28. Bb5 Bxb5 29. Qxb5 Kg8 30. Qxb4 Nf6 31. Bg5 Qa6 32. Re1 {Threatens to win with Kh2.} Qc6 33. Rxe5 {Strongly threatening Qd4.} Qxc2 34. Kh2 {Qh4 is the strong threat.} Qf2 $2 (34... Qd3 $11) 35. Bh4 Qf1 (35... Qc2 $16 36. Qd4 Kh7 37. Bxf6 gxf6) 36. Qb3 Qf4+ (36... Qa6 $142) 37. Bg3 $2 (37. Qg3 $18 Qxg3+ 38. Kxg3) 37... Qd4 (37... Qf1 $1 $11 38. Bh4 Qa6) 38. Re7 $40 {[%mdl 128] White goes for the king.} Nd5 $2 {[%mdl 8192]} (38... Ng4+ $16 39. Kh1 Nh6) 39. Be5 $18 Qd2 40. Qg3 (40. Rxd7 $142 Qa5 {[#]} 41. f6 $1 {[%mdl 512]} Kh7 42. fxg7 Rg8 43. Rxf7 Qd2 44. Rf8 Rxg7 45. Bxg7 Kxg7 46. d7 $1 {[%mdl 512]}) 40... Qh6 41. Rxd7 Ne3 42. Rd8+ {Precision: White = 56%, Black = 22%.} 1-0

[Event "Teplice Open 2018"]
[Site "Teplice"]
[Date "2018.06.17"]
[Round "2"]
[White "Erdos, Viktor"]
[Black "Liska, Jiri"]
[Result "1-0"]
[WhiteElo "2620"]
[BlackElo "2272"]
[Annotator "TA"]
[PlyCount "49"]
[EventDate "2018.06.16"]
[EventType "swiss"]
[EventCountry "CZE"]
[SourceTitle "playchess.com"]
[Source "ChessBase"]
[SourceQuality "1"]

{[%evp 18,49,46,35,33,41,43,39,58,63,47,41,65,51,83,72,68,76,140,138,215,193,187,154,163,160,331,332,728,712,2309,2045,2618,2416]} 1. d4 Nf6 2. Nf3 g6 3. c4 Bg7 4. e3 O-O 5. Be2 d5 (5... d6 6. Nc3 Bf5 7. O-O a5 8. d5 Na6 9. Nd4 Bd7 10. e4 Nc5 11. f3 e5 12. dxe6 fxe6 13. Be3 Nh5 14. g3 {½-½ (43) Ding,L (2791)-Vachier Lagrave,M (2789) Stavanger 2018}) 6. cxd5 {E60: Königsindisch (ohne Sc3)} Nxd5 7. e4 Nb6 8. O-O Bg4 9. Nbd2 Nc6 10. d5 {LiveBook: 4 Partien} Nb8 11. a4 a5 12. h3 Bc8 13. Nc4 c6 $146 {[%cal Rc6d5]} 14. Qb3 Nxc4 15. Bxc4 Na6 16. Rd1 Qc7 17. Be3 Nb4 (17... cxd5 $142 18. Bxd5 e6) 18. Rac1 $16 c5 (18... h6 $16 19. e5 g5) 19. e5 {[%cal Be4e5,Be5d6,Bd6d7][%mdl 32]} b6 20. d6 exd6 21. exd6 Qa7 $2 {[#]} (21... Qd7 $16 22. Bg5 Ba6 23. Bxa6 Rxa6) 22. Ng5 Ba6 $2 (22... Qd7 23. Bxf7+ Rxf7) 23. Bxf7+ $1 $18 {Weiß steht klar auf Gewinn.} Rxf7 24. d7 $1 c4 25. Rxc4 {Precision: Weiß = 97%, Schwarz = 30%.} 1-0

[Event "Teplice Open 2018"]
[Site "Teplice"]
[Date "2018.06.17"]
[Round "2"]
[White "Turov, Maxim"]
[Black "Piasetski, Leon"]
[Result "1-0"]
[WhiteElo "2600"]
[BlackElo "2257"]
[Annotator "TA"]
[PlyCount "77"]
[EventDate "2018.06.16"]
[EventType "swiss"]
[EventCountry "CZE"]
[SourceTitle "playchess.com"]
[Source "ChessBase"]
[SourceQuality "1"]

{[%evp 20,77,43,36,56,35,39,30,58,72,125,130,141,153,195,192,233,231,249,246,264,256,323,326,328,322,315,262,452,281,393,389,390,340,368,365,357,351,475,468,467,465,459,451,447,422,706,706,680,660,632,378,904,797,1059,1035,1086,1066,939,934]} 1. d4 Nf6 2. c4 d6 3. Nc3 g6 4. e4 Bg7 5. f4 c5 6. d5 O-O 7. Nf3 e6 8. dxe6 Bxe6 9. Bd3 a6 {E76: King's Indian: Four Pawns Attack: Lines specific to 6 Nf3 move-order} (9... Nc6 10. O-O Na5 11. Qe2 Re8 12. Bd2 d5 13. cxd5 Bxd5 14. Nxd5 Nxd5 15. e5 Qb6 16. Bxa5 Qxa5 17. Ng5 Nxf4 18. Rxf4 Rxe5 {1-0 (39) Turov,M (2634)-Berg,E (2608) Maastricht 2011}) 10. f5 Bd7 11. O-O {LiveBook: 3 Games} Bc6 {White is slightly better.} 12. Bf4 Re8 13. Qc2 Nh5 $146 ({Predecessor:} 13... Qc7 14. Rae1 Nbd7 15. Nd5 Bxd5 16. exd5 b5 17. b3 {1-0 (64) Schulte,T (2125)-Kabisch,T (2320) Stuttgart 2003}) 14. Bg5 Bd4+ ({Black should try} 14... Bf6 15. fxg6 hxg6) 15. Kh1 $16 f6 16. Bd2 $36 {[%mdl 2048] White has strong initiative.} Be5 17. Nxe5 dxe5 18. Nd5 Bxd5 19. cxd5 Nd7 20. Be2 Ng7 21. fxg6 hxg6 22. Bg4 Rf8 23. Qb3 b5 $2 (23... c4 {was necessary.} 24. Qc2 f5) 24. Qh3 Ra7 25. Be3 Rc7 26. Qh6 f5 27. exf5 gxf5 {[#]} 28. Bxf5 $1 {[%mdl 512]} Nxf5 {[#]} (28... Rxf5 29. Rxf5) 29. Rxf5 $1 {[%mdl 512]} Rxf5 30. Qg6+ Kh8 {And now ...Qf6 would win.} 31. Qxf5 Qf6 32. Qh3+ Kg7 (32... Kg8 $142 33. Qg4+ Qg7 34. Qe6+ Qf7 35. Qxa6 Nf8) 33. Kg1 $18 Nf8 34. Rf1 Qd6 35. Qg4+ Ng6 $2 (35... Qg6 36. Qh3 c4) 36. h4 {White is clearly winning.} Kh8 37. Bg5 {White threatens Bf6+ and mate.} Nf4 38. Rxf4 exf4 39. Bxf4 {Precision: White = 82%, Black = 33%.} 1-0

[Event "Teplice Open 2018"]
[Site "Teplice"]
[Date "2018.06.17"]
[Round "2"]
[White "Stocek, Jiri"]
[Black "Riha, Vojtech"]
[Result "1-0"]
[WhiteElo "2570"]
[BlackElo "2253"]
[Annotator "TA"]
[PlyCount "71"]
[EventDate "2018.06.16"]
[EventType "swiss"]
[EventCountry "CZE"]
[SourceTitle "playchess.com"]
[Source "ChessBase"]
[SourceQuality "1"]

{[%evp 12,71,9,-4,48,44,75,85,81,87,89,75,95,61,77,64,85,70,85,82,74,71,81,87,90,76,68,65,87,87,85,39,110,100,108,107,112,108,103,112,115,64,95,56,129,121,396,389,401,396,397,389,383,381,729,722,987,979,1045,1000,29985,29986]} 1. d4 Nf6 2. Nf3 g6 3. Bf4 Bg7 4. e3 O-O 5. h3 d6 6. Be2 Nbd7 7. O-O {LiveBook: 450 Games} Nh5 {A48: 1 d4 Nf6 2 Nf3 g6: Torre, London and Colle Systems} (7... a6 $11) (7... b6 8. c4 Bb7 9. Nc3 a6 10. Bh2 Qe8 11. d5 e5 12. Nd2 Qe7 13. b4 Kh8 14. a4 a5 15. bxa5 Rxa5 16. Nb3 Raa8 17. a5 {1-0 (39) Karjakin,S (2783)-Nepomniachtchi,I (2751) chess.com INT 2017}) 8. Bh2 $14 c6 9. c4 b6 $146 {[%cal Bb7b6,Bb6b5][%mdl 32] White is better.} ({Predecessor:} 9... e5 10. Nc3 f5 11. dxe5 dxe5 12. Rc1 e4 13. Nd4 Ne5 14. Bxh5 gxh5 15. Qxh5 Nd3 16. Rc2 a6 17. Nde2 Be6 18. Nf4 Bxc4 {0-1 (34) Podshivalin,G (2113)-Zaitsev,V (2367) Novokuznetsk 2010}) 10. Nc3 Bb7 11. Qd2 a6 12. a3 b5 13. b3 {[%cal Bb2b3,Bb3b4][%mdl 32]} Rc8 14. Rab1 Re8 15. Rfd1 Nhf6 16. b4 bxc4 17. Bxc4 Nb6 18. Be2 Nbd5 19. Bd3 Qd7 20. Ne2 Bh6 21. Re1 Qe6 (21... Nc7 $14) 22. Qb2 $16 Rb8 23. e4 Nxe4 24. Ng3 f5 25. Nxe4 fxe4 26. Bxe4 ({White should try} 26. Rxe4 $16 Qf6 27. Qc2) 26... Qf6 27. Qb3 Kh8 {[#]} ({Better is} 27... Qf7 $14) 28. Ne5 $1 $36 {[%mdl 2560] Keeping Black busy.} Rf8 $2 {[%mdl 8192]} (28... Ra8 $16) (28... dxe5 29. Bxe5) 29. Ng4 $1 $18 {[%csl LRf6,LRh6]} Qg5 30. Bxd5 cxd5 31. Nxh6 Qxh6 32. Rxe7 g5 $2 (32... Rfe8 33. Rxe8+ Rxe8 34. Bxd6 Qd2 35. Be5+ Kg8) 33. Rbe1 Qf6 34. Qc2 {[%csl Ge7][%cal Rc2h7]} Rf7 {[#]} 35. Bxd6 $1 {[%mdl 512] Intending Be5 and mate.} Rxe7 (35... Qxd6 36. Rxf7) 36. Rxe7 {Precision: White = 81%, Black = 28%.} 1-0

[Event "Teplice Open 2018"]
[Site "Teplice"]
[Date "2018.06.17"]
[Round "2"]
[White "Vorobiov, Evgeny E"]
[Black "Cap, Adam"]
[Result "1-0"]
[WhiteElo "2553"]
[BlackElo "2245"]
[Annotator "TA"]
[PlyCount "88"]
[EventDate "2018.06.16"]
[EventType "swiss"]
[EventCountry "CZE"]
[SourceTitle "playchess.com"]
[Source "ChessBase"]
[SourceQuality "1"]

{[%evp 22,88,23,26,31,27,44,39,38,33,71,69,114,106,119,114,116,111,110,106,100,96,107,101,98,87,93,93,116,92,100,41,106,106,99,91,93,88,85,75,87,88,93,55,55,55,55,55,55,55,55,55,55,55,55,55,55,55,55,55,55,52,29961,6729,29955,12847,6203,6107,29986]} 1. d4 Nf6 2. c4 e6 3. Nf3 d5 4. Nc3 Be7 5. Qc2 O-O 6. cxd5 exd5 7. Bf4 c6 8. e3 Re8 9. Bd3 Nbd7 {[%cal Bb8d7,Bd7f8,Bf8g6][%mdl 32]} 10. O-O Nf8 11. Rab1 Ng6 12. Bg3 {LiveBook: 3 Partien} Bd6 {D35: Damengambit (Abtauschvariante)} 13. b4 Bxg3 14. hxg3 a6 {Weiß steht etwas besser.} 15. a4 Bg4 $146 ({Vorgänger:} 15... b6 16. Rfc1 Bd7 17. Qb3 Qe7 18. b5 axb5 19. axb5 Ra3 20. Qb2 {1-0 (48) Emodi,B (2358)-Egedi,I (2321) Hungary 2007}) 16. b5 Bxf3 17. gxf3 axb5 18. axb5 Ra3 19. bxc6 bxc6 20. Bxg6 hxg6 21. Ne2 Qa8 22. Rfc1 Ra2 23. Rb2 Rxb2 24. Qxb2 Rb8 25. Qc2 Rb6 26. Nf4 (26. Qc5 $16 Qb8 27. Kg2) 26... Qa3 (26... g5 $1 $14 27. Nd3 Nd7) 27. Nd3 $16 Nd7 28. f4 f6 29. Kg2 Qb3 30. Qe2 Qa3 31. Qd1 Qe7 32. Qf3 Qe4 33. Qxe4 dxe4 34. Nc5 Nxc5 35. Rxc5 $14 {[%mdl 4096] Endspiel KT-KT} Kf7 36. Ra5 Rb7 37. g4 Ke6 38. Kg3 Kd6 39. Ra8 Kd5 40. Rd8+ Ke6 41. Re8+ Re7 $2 {[%mdl 8192] [#]} (41... Kd5 $14) 42. f5+ $1 {[%mdl 512]} gxf5 43. gxf5+ Kd6 {[#]} 44. Rxe7 $1 Kd5 {Precision: Weiß = 87%, Schwarz = 62%.} 1-0

[Event "Teplice Open 2018"]
[Site "Teplice"]
[Date "2018.06.17"]
[Round "2"]
[White "Repka, Christopher"]
[Black "Halak, Miklos"]
[Result "1-0"]
[WhiteElo "2534"]
[BlackElo "2241"]
[Annotator "TA"]
[PlyCount "81"]
[EventDate "2018.06.16"]
[EventType "swiss"]
[EventCountry "CZE"]
[SourceTitle "playchess.com"]
[Source "ChessBase"]
[SourceQuality "1"]

{[%evp 16,81,43,18,37,18,62,41,89,37,110,104,184,180,183,97,91,95,96,93,109,110,110,94,118,88,155,155,162,154,179,172,179,112,178,178,172,170,163,153,161,159,155,154,155,162,180,179,177,167,177,169,227,142,227,227,227,226,275,266,319,308,334,309,361,338,355,344]} 1. g3 g6 2. Bg2 Bg7 3. d4 d6 4. Nf3 Nf6 5. O-O O-O 6. c4 Nbd7 7. Qc2 e5 8. Rd1 exd4 9. Nxd4 c6 {E60: King's Indian: Unusual lines and Fianchetto Variation without Nc3} (9... a6 10. Nc3 Re8 11. b3 Rb8 12. h3 c5 13. Nf3 b5 14. cxb5 axb5 15. Bb2 Qe7 16. e3 b4 17. Nd5 Nxd5 18. Rxd5 Nf6 19. Rdd1 Bf5 {0-1 (36) Melkumyan,H (2622)-Mamedov,R (2657) Berlin 2015}) 10. b3 $146 ({Predecessor:} 10. Nc3 Re8 11. e4 Nc5 12. h3 a5 13. b3 Nfd7 14. Be3 Qb6 15. Rab1 Qb4 16. a3 Qxa3 17. Ncb5 cxb5 18. Nxb5 Qb4 19. Bd2 Qxb5 20. cxb5 a4 21. bxa4 Rxa4 22. Be3 Ne5 23. Bxc5 dxc5 24. Qxa4 {1-0 (24) Harshkou,M (2207)-Apryshko,G (2494) Orsha 2018}) 10... Qa5 11. Nc3 Nb6 {White is slightly better.} 12. Bf4 ({White should play} 12. e4 $16) 12... Qc5 (12... d5 $1 $14) 13. h3 $16 d5 {[#]} (13... Ne8 $16 {is a better defense.}) 14. cxd5 $1 $18 cxd5 15. Nxd5 (15. Rac1 $18) 15... Qxc2 $16 16. Ne7+ Kh8 17. Nxc2 Nh5 18. Rac1 Nxf4 19. gxf4 Be6 20. Ne3 $36 {[%mdl 2048] White is on the roll.} Rad8 ({Better is} 20... Rae8) 21. f5 gxf5 22. N7xf5 ({Don't do} 22. Bxb7 $6 f4 $16) 22... Be5 23. Bxb7 Bf4 24. Be4 ({White should try} 24. Rxd8 $18 Rxd8 25. Rc2) 24... Rde8 (24... Bxf5 $16 25. Rxd8 (25. Bxf5 Nd5 $16) (25. Nxf5 Bxc1 26. Rxc1 Rd2 $11) 25... Rxd8 26. Bxf5 Rg8+ 27. Kh1 Nd5) 25. Rd4 $18 Rg8+ 26. Kh1 Rg5 {[#] ...Bxf5 is the strong threat.} 27. Rcd1 Bxe3 28. Rd8 Rgg8 29. Rxe8 Rxe8 30. Nxe3 Bxb3 31. axb3 Rxe4 $16 {[%mdl 4096] Endgame KRN-KRN} 32. Nf5 {Intending Rd8+ and mate.} h5 33. e3 Rb4 (33... Re5 {keeps fighting.}) 34. Rd8+ $18 Kh7 35. Nd4 a5 36. Rb8 Nd5 37. Ra8 Kg6 38. Rxa5 Nc3 39. Kg2 Rb6 40. Rc5 Ne4 41. Rc6+ {Precision: White = 77%, Black = 31%.} 1-0